<?xml version="1.0" encoding="UTF-8"?>
<record
    xmlns:xsi="http://www.w3.org/2001/XMLSchema-instance"
    xsi:schemaLocation="http://www.loc.gov/MARC21/slim http://www.loc.gov/standards/marcxml/schema/MARC21slim.xsd"
    xmlns="http://www.loc.gov/MARC21/slim">

  <leader>01058nam a22002297a 4500</leader>
  <datafield tag="999" ind1=" " ind2=" ">
    <subfield code="c">93428</subfield>
    <subfield code="d">93428</subfield>
  </datafield>
  <controlfield tag="003">NALT</controlfield>
  <controlfield tag="005">20250821085830.0</controlfield>
  <controlfield tag="008">170818b        th ||||| |||| 00| 0 tha d</controlfield>
  <datafield tag="020" ind1=" " ind2=" ">
    <subfield code="a">9786162007422</subfield>
  </datafield>
  <datafield tag="040" ind1=" " ind2=" ">
    <subfield code="a">NALT</subfield>
  </datafield>
  <datafield tag="050" ind1=" " ind2=" ">
    <subfield code="a">HF 5548.4.M523   </subfield>
    <subfield code="b">&#xE14;211&#xE04; 2560</subfield>
  </datafield>
  <datafield tag="100" ind1="0" ind2=" ">
    <subfield code="a">&#xE14;&#xE27;&#xE07;&#xE1E;&#xE23; &#xE40;&#xE01;&#xE35;&#xE4B;&#xE22;&#xE07;&#xE04;&#xE33;.</subfield>
    <subfield code="9">5833</subfield>
  </datafield>
  <datafield tag="245" ind1="1" ind2="0">
    <subfield code="a">&#xE04;&#xE39;&#xE48;&#xE21;&#xE37;&#xE2D;&#xE43;&#xE0A;&#xE49;&#xE07;&#xE32;&#xE19; Excel 2016 &#xE09;&#xE1A;&#xE31;&#xE1A;&#xE2A;&#xE21;&#xE1A;&#xE39;&#xE23;&#xE13;&#xE4C; /</subfield>
    <subfield code="c">&#xE14;&#xE27;&#xE07;&#xE1E;&#xE23; &#xE40;&#xE01;&#xE35;&#xE4B;&#xE22;&#xE07;&#xE04;&#xE33; ; &#xE1A;&#xE23;&#xE23;&#xE13;&#xE32;&#xE18;&#xE34;&#xE01;&#xE32;&#xE23; &#xE1E;&#xE34;&#xE29;&#xE13;&#xE38; &#xE1B;&#xE38;&#xE23;&#xE30;&#xE28;&#xE34;&#xE23;&#xE34;.</subfield>
  </datafield>
  <datafield tag="250" ind1=" " ind2=" ">
    <subfield code="a">&#xE1E;&#xE34;&#xE21;&#xE1E;&#xE4C;&#xE04;&#xE23;&#xE31;&#xE49;&#xE07;&#xE17;&#xE35;&#xE48; 1</subfield>
  </datafield>
  <datafield tag="260" ind1=" " ind2=" ">
    <subfield code="a">&#xE19;&#xE19;&#xE17;&#xE1A;&#xE38;&#xE23;&#xE35; : </subfield>
    <subfield code="b">&#xE44;&#xE2D;&#xE14;&#xE35;&#xE0B;&#xE35;, </subfield>
    <subfield code="c">2560.</subfield>
  </datafield>
  <datafield tag="300" ind1=" " ind2=" ">
    <subfield code="a"> 416 &#xE2B;&#xE19;&#xE49;&#xE32; : </subfield>
    <subfield code="b">&#xE20;&#xE32;&#xE1E;&#xE1B;&#xE23;&#xE30;&#xE01;&#xE2D;&#xE1A; ;</subfield>
    <subfield code="c">23 &#xE0B;&#xE21;.</subfield>
  </datafield>
  <datafield tag="650" ind1=" " ind2="4">
    <subfield code="9">12908</subfield>
    <subfield code="a">&#xE44;&#xE21;&#xE42;&#xE04;&#xE23;&#xE0B;&#xE2D;&#xE1F;&#xE15;&#xE4C;&#xE40;&#xE2D;&#xE47;&#xE01;&#xE40;&#xE0B;&#xE25;</subfield>
  </datafield>
  <datafield tag="700" ind1="0" ind2=" ">
    <subfield code="a">&#xE1E;&#xE34;&#xE29;&#xE13;&#xE38; &#xE1B;&#xE38;&#xE23;&#xE30;&#xE28;&#xE34;&#xE23;&#xE34;.</subfield>
    <subfield code="e">&#xE1A;&#xE23;&#xE23;&#xE13;&#xE32;&#xE18;&#xE34;&#xE01;&#xE32;&#xE23; </subfield>
    <subfield code="9">12927</subfield>
  </datafield>
  <datafield tag="850" ind1=" " ind2=" ">
    <subfield code="a">NALT</subfield>
  </datafield>
  <datafield tag="942" ind1=" " ind2=" ">
    <subfield code="2">lcc</subfield>
    <subfield code="c">GB</subfield>
  </datafield>
  <datafield tag="998" ind1=" " ind2=" ">
    <subfield code="a">phon</subfield>
    <subfield code="b">phon</subfield>
    <subfield code="c">phon</subfield>
    <subfield code="j">1020</subfield>
    <subfield code="k"> &#xE19;&#xE32;&#xE07;&#xE08;&#xE33;&#xE40;&#xE23;&#xE35;&#xE22;&#xE07;  &#xE23;&#xE30;&#xE27;&#xE31;&#xE07;&#xE2A;&#xE33;&#xE42;&#xE23;&#xE07;</subfield>
  </datafield>
  <datafield tag="952" ind1=" " ind2=" ">
    <subfield code="0">0</subfield>
    <subfield code="1">0</subfield>
    <subfield code="2">lcc</subfield>
    <subfield code="4">0</subfield>
    <subfield code="7">0</subfield>
    <subfield code="8">CGBL</subfield>
    <subfield code="a">NALT</subfield>
    <subfield code="b">NALT</subfield>
    <subfield code="d">2017-08-18</subfield>
    <subfield code="l">13</subfield>
    <subfield code="m">8</subfield>
    <subfield code="o">HF 5548.4.M523    &#xE14;211&#xE04; 2560</subfield>
    <subfield code="p">3961206753</subfield>
    <subfield code="r">2025-05-15 00:00:00</subfield>
    <subfield code="s">2025-05-01</subfield>
    <subfield code="w">2017-08-18</subfield>
    <subfield code="y">GB</subfield>
  </datafield>
</record>
